000
00283nam a2200121Ia 4500
008
190216s9999||||xx |||||||||||||| ||und||
100
_a
Surjeeth Singh
245
0
_a
Modern Algebra
260
_b
Vikas Publishing House
_c
1972
300
_a
176p
650
_a
Mathematics
942
_c
BK
999
_c
30786
_d
30786